FIFA 23 TOTW 19 - Statistics

General Stats
  • This quiz has been taken 10 times
  • The average score is 6 of 23
Answer Stats
rat pos club player % Correct
TOTW Starter 85 GK Wolverhampton Wanderers José Sá
100%
TOTW Starter 93 RW Liverpool Mohamed Salah
100%
TOTW Starter 88 ST Atlético Madrid Antoine Griezmann
80%
TOTW Starter 87 CB Borussia Dortmund Niklas Süle
50%
TOTW Starter 83 CAM Brighton & Hove Albion Alexis Mac Allister
40%
TOTW Starter 85 CB AS Roma Gianluca Mancini
30%
TOTW Starter 85 LW Arsenal Reiss Nelson
30%
TOTW Reserve 82 ST RB Salzburg Benjamin Šeško
20%
TOTW Reserve 83 RB Fiorentina Dodô
10%
TOTW Reserve 83 ST FC Metz Georges Mikautadze
10%
TOTW Starter 83 RM Real Valladolid Gonzalo Plata
10%
TOTW Starter 84 LB Celta Vigo Javi Galán
10%
TOTW Reserve 84 ST Grenada Jorge Molina
10%
TOTW Reserve 83 RW PAOK Khaled Narey
10%
TOTW Reserve 83 GK Stade Brestois Marco Bizot
10%
TOTW Starter 83 CDM Lazio Matías Vecino
10%
TOTW Reserve 83 ST Fatih Karagümrük Mbaye Diagne
10%
TOTW Reserve 81 LW FC Copenhagen Mohamed Daramy
10%
TOTW Reserve 79 RW Orlando Pirates Monnapule Saleng
10%
TOTW Reserve 84 RW Villarreal Samuel Chukwueze
10%
TOTW Reserve 80 CAM Stoke City Will Smallbone
10%
TOTW Starter 86 CM VfL Wolfsburg Yannick Gerhardt
10%
TOTW Reserve 84 CB Shakhtar Donetsk Yaroslav Rakitskyi
10%
No matching quizzes found
Score Distribution
Percent of People with Each Score
Percentile by Number Answered
Your Score History
You have not taken this quiz